Countries in 1970's - Statistics

General Stats
  • This quiz has been taken 19 times
    10 since last reset
  • The average score is 143 of 183
Answer Stats
Answer % Correct
Afghanistan
100%
Algeria
100%
Andorra
100%
Australia
100%
Bolivia
100%
Brazil
100%
Bulgaria
100%
Burma
100%
Canada
100%
Chile
100%
China
100%
Czechoslovakia
100%
Denmark
100%
Ecuador
100%
Fiji
100%
Finland
100%
France
100%
Greece
100%
Iceland
100%
India
100%
Indonesia
100%
Iran
100%
Ireland
100%
Italy
100%
Japan
100%
Liechtenstein
100%
Luxembourg
100%
Mexico
100%
Monaco
100%
Morocco
100%
Netherlands
100%
New Zealand
100%
Niger
100%
North Korea
100%
Norway
100%
Pakistan
100%
Panama
100%
Poland
100%
Portugal
100%
Romania
100%
Saudi Arabia
100%
South Korea
100%
Soviet Union
100%
Spain
100%
Sweden
100%
Taiwan
100%
Tunisia
100%
Turkey
100%
United Arab Republic/Egypt
100%
United Kingdom
100%
United States of America
100%
Vietnam
100%
Yugoslavia
100%
Albania
83%
Angola
83%
Argentina
83%
Austria
83%
Bahrain
83%
Bangladesh
83%
Barbados
83%
Belgium
83%
Botswana
83%
Cambodia/Khmer
83%
Cameroon
83%
Ceylon/ Sri Lanka
83%
Colombia
83%
Cuba
83%
Cyprus
83%
Djibouti
83%
Dominica
83%
Dominican Republic
83%
East Germany
83%
East-Timor
83%
El Salvador
83%
Equatorial Guinea
83%
Ethiopia
83%
Ghana
83%
Grenada
83%
Guatemala
83%
Guyana
83%
Haiti
83%
Honduras
83%
Hungary
83%
Iraq
83%
Israel
83%
Jamaica
83%
Kenya
83%
Kiribati
83%
Laos
83%
Lesotho
83%
Liberia
83%
Libya
83%
Malagasy Republic/Madagascar
83%
Malaysia
83%
Maldives
83%
Mali
83%
Malta
83%
Mauritania
83%
Mauritius
83%
Mongolia
83%
Muscat and Oman/Oman
83%
Nauru
83%
Nepal
83%
Nicaragua
83%
Nigeria
83%
Paraguay
83%
Peru
83%
Philippines
83%
Republic of the Congo
83%
Rwanda
83%
Saint Lucia
83%
Saint Vincent and the Grenadines
83%
San Marino
83%
Senegal
83%
Singapore
83%
Somalia
83%
South Africa
83%
Sudan
83%
Suriname
83%
Swaziland
83%
Switzerland
83%
Syria
83%
Thailand
83%
Tonga
83%
Trinidad and Tobago
83%
United Arab Emirates
83%
Uruguay
83%
Vatican City
83%
Venezuela
83%
West Germany
83%
Zaire/Democratic Republic of the Congo
83%
Antigua
67%
Bahamas
67%
Bhutan
67%
Burundi
67%
Cape Verde
67%
Comoros
67%
Costa Rica
67%
Dahomey/Benin
67%
Gabon
67%
Gambia
67%
Guinea
67%
Guinea-Bissau
67%
Ivory Coast
67%
Jordan
67%
Kuwait
67%
Lebanon
67%
Malawi
67%
Mozambique
67%
North Yemen
67%
Qatar
67%
Seychelles
67%
Sierra Leone
67%
Solomon Islands
67%
South Yemen
67%
Tanzania
67%
Togo
67%
Tuvalu
67%
Zambia
67%
Central African Republic
50%
Chad
50%
North Vietnam
50%
Papua New Guinea
50%
Sao Tome and Principe
50%
South Vietnam
50%
Rhodesia/ Zimbabwe Rhodesia
33%
Tanna
33%
Abu Dhabi
17%
Ajman
17%
Biafra
17%
Bophuthatswana
17%
Dubai
17%
Fujairah
17%
Kampuchea
17%
North Solomons
17%
Ras al-Khaimah
17%
Saint Christopher-Nevis-Anguilla
17%
Sharjah
17%
Transkei
17%
Umm al-Quwain
17%
Upper Volta
17%
Venda
17%
Western Samoa
17%
No matching quizzes found
Score Distribution
Percent of People with Each Score
Percentile by Number Answered
Your Score History
You have not taken this quiz since the last reset